Economic Problems and Their Effect on the Defense of Slovakia
Spojitosť medzi ekonomickou situáciou Slovenska a možnosťami zvýšiť obranyschopnosť štátu navýšením rozpočtu na obranu. Metóda: kvantitatívne uvoľňovanie - quantitative easing QE).
Salvato in:
| Autore principale: | |
|---|---|
| Altri autori: | , |
| Natura: | Capitolo di libro |
| Lingua: | inglese |
| Soggetti: | |
| Tags: |
Nessun Tag, puoi essere il primo ad aggiungerne!!
|
MARC
| LEADER | 00000naa$a2200000$$$4500 | ||
|---|---|---|---|
| 001 | 0241509 | ||
| 005 | 20241121133337.8 | ||
| 041 | 0 | |a eng | |
| 044 | |a SK | ||
| 245 | 1 | 0 | |a Economic Problems and Their Effect on the Defense of Slovakia |c Michal Pružinský, Bohuslava Mihalčová, Martin Mucha |
| 520 | |a Spojitosť medzi ekonomickou situáciou Slovenska a možnosťami zvýšiť obranyschopnosť štátu navýšením rozpočtu na obranu. Metóda: kvantitatívne uvoľňovanie - quantitative easing QE). | ||
| 610 | 2 | 0 | |a Slovensko |
| 610 | 2 | 0 | |a rozvoj hospodársky |
| 610 | 2 | 0 | |a obrana štátu |
| 610 | 2 | 0 | |a rozpočet štátny |
| 610 | 2 | 0 | |a situácia hospodárska |
| 610 | 2 | 0 | |a dlhy verejné |
| 610 | 2 | 0 | |a uvoľňovanie kvantitatívne |
| 100 | 1 | |a Pružinský, Michal, 1952- | |
| 700 | 1 | |a Mihalčová, Bohuslava, 1963- | |
| 700 | 1 | |a Mucha, Martin | |